Statistics for US State Flags Without Red

Click here to take the quiz!

General Stats

  • This quiz has been taken 16 times
  • The average score is 10 of 14

Answer Stats

Date State Flag % Correct
Jul. 6, 1927Alaska
87%
Sep. 22, 1961Kansas
80%
Aug. 25, 1923Washington
80%
Apr. 15, 1925Oregon
73%
Sep. 28, 1861South Carolina
73%
Nov. 9, 1992South Dakota
67%
Jul. 27, 1640Rhode Island
67%
Nov. 1, 2006Oklahoma
67%
Jul. 25, 1991Nevada
67%
Mar. 26, 1918Kentucky
67%
Mar. 21, 1971Massachusetts
67%
Sep. 9, 1897Connecticut
67%
May 31, 1917Indiana
67%
Jul. 16, 1963Nebraska
60%

Score Distribution

Percentile by Number Answered

Percent of People with Each Score

Your Score History

You have not taken this quiz